Normal view
MARC view
- War on Terrorism, 2001-2009.
Entry Topical Term
001 - CONTROL NUMBER
- control field: 14608
003 - CONTROL NUMBER IDENTIFIER
- control field: NUST
005 - DATE AND TIME OF LATEST TRANSACTION
- control field: 20190529091046.0
008 - FIXED-LENGTH DATA ELEMENTS
- fixed length control field: 190529|| aca||aabn | a|a d
040 ## - CATALOGING SOURCE
- Original cataloging agency: NUST
- Transcribing agency: NUST
150 ## - HEADING--TOPICAL TERM
- Topical term or geographic name entry element: War on Terrorism, 2001-2009.
670 ## - SOURCE DATA FOUND
- Source citation: Work cat.: (NUST)0: National Commission on Terrorist Attacks upon the United States. 14604, The 9/11 Commission report :, [2004].
